[Event "NOR-ch"]
[Site "Hamar"]
[Date "2007.07.07"]
[Round "1"]
[White "Ekeberg, Carl Fredrik"]
[Black "Fyllingen, Roy Harald"]
[Result "1/2-1/2"]
[WhiteElo "2331"]
[BlackElo "2407"]
[PlyCount "64"]
[EventDate "2007.07.07"]
[EventType "swiss"]
[EventRounds "9"]
[EventCountry "NOR"]
[SourceTitle "CBM 119 Extra"]
[Source "ChessBase"]
[SourceDate "2007.09.04"]
[SourceVersion "1"]
[SourceVersionDate "2007.09.04"]
[SourceQuality "1"]

1. d4 Nf6 2. c4 e6 3. g3 Bb4+ 4. Bd2 c5 5. Bxb4 cxb4 6. Bg2 0-0 7. Nf3 d6 8. 0-0 Nc6 9. d5 exd5 10. cxd5 Ne7 11. Nh4 Re8 12. Qd3 a5 13. Nd2 b6 14. Rfe1 Ba6 15. Qd4 Rc8 16. e4 Rc2 17. Nf1 Rc4 18. Qd2 Ng6 19. Nxg6 hxg6 20. Ne3 Rcxe4 21. Bxe4 Nxe4 22. Qd4 Ng5 23. Kg2 Re4 24. Qd1 Qd7 25. f4 Qh3+ 26. Kh1 Rd4 27. Qg4 Rd2 28. Qxh3 Nxh3 29. b3 Nf2+ 30. Kg1 Nh3+ 31. Kh1 Nf2+ 32. Kg1 Nh3+ 1/2-1/2

[Event "NOR-ch"]
[Site "Sandnes"]
[Date "2005.07.10"]
[Round "9"]
[White "Fyllingen, Roy Harald"]
[Black "Johannessen, Leif Erlend"]
[Result "0-1"]
[WhiteElo "2395"]
[BlackElo "2543"]
[PlyCount "78"]
[EventDate "2005.07.02"]
[EventType "swiss"]
[EventRounds "9"]
[EventCountry "NOR"]
[SourceTitle "CBM 107 Extra"]
[Source "ChessBase"]
[SourceDate "2005.09.01"]
[SourceVersion "1"]
[SourceVersionDate "2005.09.01"]
[SourceQuality "1"]

1. d4 Nf6 2. c4 e6 3. Nf3 b6 4. g3 Ba6 5. b3 Bb4+ 6. Bd2 Be7 7. Bc3 c6 8. Bg2 d5 9. Nbd2 Nbd7 10. 0-0 0-0 11. Rc1 Rc8 12. Rc2 c5 13. Qa1 cxd4 14. Nxd4 Nc5 15. Rd1 Qd7 16. N4f3 Rfd8 17. Ne5 Qe8 18. h3 Bb7 19. Bb2 Nfe4 20. Nxe4 Nxe4 21. Rdc1 f6 22. Nd3 e5 23. cxd5 Bxd5 24. Rxc8 Rxc8 25. Rxc8 Qxc8 26. Bxe5 fxe5 27. Qxe5 Qb7 28. Nf4 Bc6 29. Qe6+ Kf8 30. h4 Nd6 31. Bh3 Be8 32. f3 Bf7 33. Qe5 Qc6 34. Kg2 Bf6 35. Ne6+ Kg8 36. Qe3 Qe8 37. f4 Qc6+ 38. Qf3 Qxf3+ 39. Kxf3 Nb5 0-1

[Event "NOR-chT"]
[Site "Moss"]
[Date "2005.05.05"]
[Round "2"]
[White "Leer Salvesen, Bjarte"]
[Black "Fyllingen, Roy Harald"]
[Result "1/2-1/2"]
[WhiteElo "2369"]
[BlackElo "2386"]
[PlyCount "127"]
[EventDate "2005.05.04"]
[EventType "team"]
[EventRounds "5"]
[EventCountry "NOR"]
[SourceTitle "EXT 2007"]
[Source "ChessBase"]
[SourceDate "2006.11.23"]
[SourceVersion "1"]
[SourceVersionDate "2006.11.23"]
[SourceQuality "1"]

1. c4 Nf6 2. g3 e5 3. Bg2 Nc6 4. Nc3 Bb4 5. Nd5 a5 6. e3 0-0 7. Ne2 Re8 8. 0-0 Bf8 9. d4 d6 10. Nec3 Nb4 11. Nxf6+ Qxf6 12. a3 Nc6 13. d5 Nb8 14. Rb1 Qd8 15. e4 Be7 16. Be3 Bg5 17. f4 Bf6 18. f5 Nd7 19. b4 axb4 20. axb4 Ra3 21. Qc1 Ra6 22. Ra1 c5 23. Nb5 Be7 24. f6 Nxf6 25. bxc5 Rxa1 26. Qxa1 Ng4 27. cxd6 Nxe3 28. dxe7 Qxe7 29. Rc1 Nxg2 30. Kxg2 Qg5 31. Qc3 Qh6 32. h4 Bd7 33. Rf1 Qg6 34. Qf3 h5 35. Nc7 Bg4 36. Qd3 Rd8 37. c5 Kh7 38. Qe3 f6 39. d6 Qf7 40. Nd5 Qe6 41. Rb1 Ra8 42. Qb3 Ra5 43. Qc3 Ra7 44. Rb2 Qe8 45. Ne7 Qa4 46. Qb4 Qa1 47. Rb1 Qa6 48. Qb5 Qa2+ 49. Rb2 Qa1 50. Qb3 Ra8 51. Rf2 Qe1 52. Ra2 Qxe4+ 53. Kh2 Rd8 54. Rb2 Bf3 55. Rf2 Bg4 56. Qf7 Bf3 57. d7 Qe3 58. Qg6+ Kh8 59. Ra2 Qe1 60. Rg2 Qf1 61. Qe8+ Kh7 62. Qg6+ Kh8 63. Qe8+ Kh7 64. Qg6+ 1/2-1/2

[Event "NOR-ch"]
[Site "Molde"]
[Date "2004.07.07"]
[Round "6"]
[White "Fyllingen, Roy Harald"]
[Black "Djurhuus, Rune"]
[Result "0-1"]
[WhiteElo "2374"]
[BlackElo "2483"]
[PlyCount "206"]
[EventDate "2004.07.03"]
[EventType "swiss"]
[EventRounds "9"]
[EventCountry "NOR"]
[SourceTitle "CBM 101 Extra"]
[Source "ChessBase"]
[SourceDate "2004.09.01"]
[SourceVersion "2"]
[SourceVersionDate "2004.09.01"]
[SourceQuality "1"]

1. d4 Nf6 2. c4 g6 3. Nc3 Bg7 4. e4 d6 5. h3 0-0 6. Bg5 c5 7. d5 b5 8. cxb5 a6 9. Qd2 axb5 10. Bxb5 Qa5 11. a4 Ba6 12. Bxa6 Nxa6 13. Nf3 Rfb8 14. 0-0 Qb4 15. Qf4 Qxb2 16. Nb5 Nb4 17. Qh4 Nd3 18. Rab1 Qc2 19. Rbd1 Rxa4 20. Nxd6 Rd8 21. Nxf7 Kxf7 22. Rd2 Qc4 23. Rxd3 Qxe4 24. Bxf6 exf6 25. Qg3 Qf4 26. Qxf4 Rxf4 27. Rc1 Bf8 28. Nd2 Rf5 29. Nc4 Rfxd5 30. Rxd5 Rxd5 31. Kf1 Rd4 32. Ke2 Ke6 33. Rc2 Kd5 34. Ne3+ Kc6 35. Rc4 Rd7 36. Rc2 Bh6 37. Ng4 Bg7 38. Ne3 f5 39. g3 Bd4 40. Nc4 Kb5 41. Nd2 Ra7 42. Nf3 Bg7 43. Nd2 Ra4 44. Kd3 Rd4+ 45. Ke2 Kb4 46. Rc1 Kb5 47. Rc2 Bf6 48. Rb2+ Kc6 49. Rc2 Rb4 50. Kd3 Bd4 51. Ke2 Kd5 52. Nf3 c4 53. Ne1 c3 54. Kd3 Rb2 55. f3 Bf2 56. Kxc3 Rxc2+ 57. Nxc2 Bxg3 58. Kd3 Ke5 59. Ke3 Bf4+ 60. Kf2 Bd2 61. Na3 Bb4 62. Nc4+ Kf4 63. Kg2 Bc5 64. Nb2 Ke3 65. Nc4+ Kd4 66. Na5 Kd5 67. Kf1 Bb6 68. Nb3 Kc4 69. Nc1 Be3 70. Ne2 Kd3 71. Ng3 Bg5 72. Kg2 Bf4 73. Nh1 Ke2 74. h4 h6 75. Nf2 Bd2 76. Nh3 Be3 77. Kg3 Kf1 78. f4 Ke2 79. Kg2 Bc5 80. Kg3 Bd6 81. Kg2 Ke3 82. Kg3 h5 83. Kg2 Bxf4 84. Ng1 Bc7 85. Nf3 Kf4 86. Ng5 Kg4 87. Nf3 Bg3 88. Ng5 Bxh4 89. Nf3 Bf6 90. Nh2+ Kf4 91. Nf3 g5 92. Ng1 g4 93. Ne2+ Kg5 94. Ng1 h4 95. Kh2 Kf4 96. Kg2 h3+ 97. Kh2 Ke3 98. Nxh3 gxh3 99. Kxh3 f4 100. Kg4 f3 101. Kf5 f2 102. Kxf6 f1Q+ 103. Ke5 Qb5+ 0-1

[Event "NOR-chTA final"]
[Site "Trondheim"]
[Date "2004.05.19"]
[Round "1.1"]
[White "Fyllingen, Roy Harald"]
[Black "Svedenborg, Paul"]
[Result "1-0"]
[WhiteElo "2374"]
[BlackElo "2236"]
[PlyCount "73"]
[EventDate "2004.05.19"]
[EventType "team"]
[EventRounds "5"]
[EventCountry "NOR"]
[SourceTitle "CBM 100 Extra"]
[Source "ChessBase"]
[SourceDate "2004.07.06"]
[SourceVersion "2"]
[SourceVersionDate "2004.07.06"]
[SourceQuality "1"]
[WhiteTeam "02"]
[BlackTeam "05"]
[WhiteTeamCountry "NOR"]
[BlackTeamCountry "NOR"]

1. d4 Nf6 2. c4 e5 3. dxe5 Ng4 4. e3 Nxe5 5. Nh3 g6 6. Nc3 Bg7 7. Be2 d6 8. Nf4 Nbd7 9. 0-0 0-0 10. e4 Nb6 11. Qb3 Nc6 12. Be3 Nd4 13. Qd1 Nxe2+ 14. Qxe2 c6 15. Rad1 Qe7 16. Qd3 f5 17. b3 Be5 18. exf5 Bxf5 19. Qd2 Rae8 20. Nd3 Bg7 21. Bh6 Bxh6 22. Qxh6 Bxd3 23. Rxd3 Nd7 24. Qd2 Rf6 25. Re3 Re6 26. Rfe1 Rxe3 27. Rxe3 Qf8 28. Ne4 Re6 29. h4 Qf4 30. g3 Qf8 31. Ng5 Rf6 32. Qe2 Qh6 33. Re7 Ne5 34. c5 Nf7 35. Re8+ Kg7 36. Qe7 Rf5 37. Qf8+ 1-0

[Event "NOR-chT north 0304"]
[Site "Norway"]
[Date "2004.03.06"]
[Round "4.1"]
[White "Saevareid, Ove"]
[Black "Fyllingen, Roy Harald"]
[Result "0-1"]
[WhiteElo "2187"]
[BlackElo "2362"]
[PlyCount "61"]
[EventDate "2004.01.??"]
[EventType "team"]
[EventRounds "5"]
[EventCountry "NOR"]
[SourceTitle "EXT 2006"]
[Source "ChessBase"]
[SourceDate "2005.11.24"]
[SourceVersion "1"]
[SourceVersionDate "2005.11.24"]
[SourceQuality "1"]

1. c4 e5 2. g3 Nf6 3. Bg2 Nc6 4. Nc3 Bb4 5. Nd5 a5 6. e3 0-0 7. Ne2 Re8 8. 0-0 Bf8 9. b3 Nb4 10. d3 Nbxd5 11. cxd5 c6 12. dxc6 bxc6 13. Nc3 d5 14. Na4 h5 15. Qc2 h4 16. e4 hxg3 17. hxg3 dxe4 18. dxe4 Ng4 19. Rd1 Qc7 20. Bf3 c5 21. Ba3 Ra6 22. Rac1 Rf6 23. Qe2 Ba6 24. Rd3 Bxd3 25. Qxd3 c4 26. Rxc4 Qd8 27. Qxd8 Rxd8 28. Bxg4 Bxa3 29. Rc2 Rfd6 30. Rc7 Rd2 31. Nb6 0-1

[Event "Bergen Sommer op"]
[Site "Bergen"]
[Date "2002.07.25"]
[Round "6"]
[White "Fyllingen, Roy Harald"]
[Black "Trygstad, Kristian J"]
[Result "1/2-1/2"]
[WhiteElo "2378"]
[BlackElo "2299"]
[PlyCount "50"]
[EventDate "2002.07.20"]
[EventType "swiss"]
[EventRounds "9"]
[EventCountry "NOR"]
[SourceTitle "CBM 089 Extra"]
[Source "ChessBase"]
[SourceDate "2002.09.10"]
[SourceVersion "2"]
[SourceVersionDate "2002.09.10"]
[SourceQuality "1"]

1. d4 Nf6 2. c4 g6 3. Nc3 Bg7 4. e4 d6 5. Bd3 0-0 6. Nge2 c5 7. d5 e6 8. 0-0 exd5 9. exd5 Ng4 10. Bf4 Ne5 11. Ne4 Na6 12. N2c3 Nc7 13. Be2 f5 14. Bg5 Qd7 15. Nd2 h6 16. Bf4 g5 17. Bxe5 Bxe5 18. Nf3 Bxc3 19. bxc3 Qe7 20. Nd2 Ne8 21. Re1 Nf6 22. Bd3 Qg7 23. Qc2 Nh5 24. Nf1 Bd7 25. a4 Rad8 1/2-1/2

[Event "Bergen Sommer op"]
[Site "Bergen"]
[Date "2002.07.23"]
[Round "4"]
[White "Johannessen, Leif Erlend"]
[Black "Fyllingen, Roy Harald"]
[Result "1-0"]
[WhiteElo "2525"]
[BlackElo "2378"]
[PlyCount "64"]
[EventDate "2002.07.20"]
[EventType "swiss"]
[EventRounds "9"]
[EventCountry "NOR"]
[SourceTitle "CBM 089 Extra"]
[Source "ChessBase"]
[SourceDate "2002.09.10"]
[SourceVersion "2"]
[SourceVersionDate "2002.09.10"]
[SourceQuality "1"]

1. d4 Nf6 2. c4 e6 3. Nc3 Bb4 4. e3 b6 5. Nge2 c5 6. a3 Ba5 7. Rb1 Na6 8. f3 0-0 9. d5 exd5 10. cxd5 b5 11. e4 b4 12. axb4 cxb4 13. Nb5 Nc5 14. Ng3 b3+ 15. Kf2 Bb6 16. Be3 d6 17. Be2 Re8 18. Nc3 h5 19. h4 Bd7 20. Qd2 Rc8 21. Rhc1 Ncxe4+ 22. fxe4 Rxc3 23. Rxc3 Nxe4+ 24. Nxe4 Rxe4 25. Bxb6 Qxh4+ 26. Kg1 axb6 27. Bf3 Re5 28. Qf2 Qe7 29. Rc7 b5 30. Ra1 Qe8 31. Rcc1 Bf5 32. Re1 Bc2 1-0

[Event "Bergen Sommer op"]
[Site "Bergen"]
[Date "2002.07.21"]
[Round "2"]
[White "Carlsen, Magnus"]
[Black "Fyllingen, Roy Harald"]
[Result "0-1"]
[WhiteElo "2214"]
[BlackElo "2378"]
[PlyCount "92"]
[EventDate "2002.07.20"]
[EventType "swiss"]
[EventRounds "9"]
[EventCountry "NOR"]
[SourceTitle "CBM 089 Extra"]
[Source "ChessBase"]
[SourceDate "2002.09.10"]
[SourceVersion "2"]
[SourceVersionDate "2002.09.10"]
[SourceQuality "1"]

1. c4 e5 2. Nc3 Nc6 3. Nf3 Nf6 4. g3 Bb4 5. Bg2 0-0 6. 0-0 Re8 7. Nd5 Bf8 8. d3 Nxd5 9. cxd5 Nb4 10. Qb3 a5 11. Bg5 f6 12. Bd2 Kh8 13. Nh4 c6 14. Bxb4 axb4 15. Be4 g6 16. dxc6 dxc6 17. Qf7 f5 18. Bg2 Qe7 19. Qxe7 Bxe7 20. Nf3 Bf6 21. e4 Be6 22. a3 Ra4 23. Rfe1 bxa3 24. bxa3 fxe4 25. dxe4 Rea8 26. Rab1 Bc8 27. Nd2 b5 28. Rbc1 Bd7 29. Rcd1 R8a7 30. Nb1 Be7 31. f4 Bc5+ 32. Kh1 Bd4 33. Rd3 Be6 34. fxe5 Bxe5 35. Rc1 Rc4 36. Rcd1 Bg4 37. Re1 Rc2 38. Rd8+ Kg7 39. Re8 Bd6 40. e5 Be7 41. h3 Be6 42. Rd1 Rc7 43. Rb8 Bc5 44. Re8 Rd7 45. Rf1 Bc4 46. Re1 Rf7 0-1

[Event "NOR Championship Group Elite"]
[Site "Roros"]
[Date "2002.07.11"]
[Round "7"]
[White "Fyllingen, Roy Harald"]
[Black "Carlsen, Magnus"]
[Result "1-0"]
[WhiteElo "2378"]
[BlackElo "2214"]
[PlyCount "81"]
[EventDate "2002.07.06"]
[EventType "swiss"]
[EventRounds "9"]
[EventCountry "NOR"]
[SourceTitle "EXT 2023"]
[Source "ChessBase"]
[SourceDate "2022.10.05"]
[SourceVersion "1"]
[SourceVersionDate "2022.10.05"]
[SourceQuality "1"]

1. d4 Nf6 2. Nf3 e6 3. g3 d5 4. Bg2 Be7 5. 0-0 0-0 6. Nbd2 c5 7. c4 cxd4 8. Nxd4 Nc6 9. N2f3 Nxd4 10. Qxd4 Bd7 11. Ne5 Bc6 12. Be3 Qa5 13. a3 Rfd8 14. Nxc6 bxc6 15. b4 Qa6 16. Rfc1 Nd7 17. Ra2 Bf6 18. Qf4 Nb6 19. cxd5 cxd5 20. h4 Rac8 21. Rxc8 Rxc8 22. a4 Nc4 23. Bc5 h6 24. e4 d4 25. Bf1 d3 26. Bxd3 Rd8 27. Be2 Bd4 28. e5 Bxc5 29. bxc5 Rb8 30. Qxc4 Rb1+ 31. Kg2 Qa5 32. Qd4 Rc1 33. Bd3 Rxc5 34. Rb2 Rc8 35. Qe4 g6 36. Rb7 Rf8 37. Qf4 h5 38. Be2 Qc5 39. Bf3 Kg7 40. Qf6+ Kg8 41. Be4 1-0

[Event "NOR-chT qualifier"]
[Site "Norway"]
[Date "2002.??.??"]
[Round "5"]
[White "Fyllingen, Roy Harald"]
[Black "Manne, Per Erik"]
[Result "1-0"]
[WhiteElo "2378"]
[BlackElo "2338"]
[PlyCount "83"]
[EventDate "2001.11.??"]
[EventType "team"]
[EventRounds "9"]
[EventCountry "NOR"]
[SourceTitle "EXT 2003"]
[Source "ChessBase"]
[SourceDate "2002.11.25"]
[SourceVersion "1"]
[SourceVersionDate "2002.11.25"]
[SourceQuality "1"]

1. d4 d5 2. Nf3 e6 3. g3 c5 4. Bg2 Nc6 5. 0-0 Nf6 6. c4 Be7 7. Nc3 0-0 8. Bg5 dxc4 9. dxc5 Qa5 10. Rc1 Qxc5 11. Qa4 Bd7 12. Bxf6 gxf6 13. Ne4 Qb4 14. Qc2 f5 15. Nc3 Rfd8 16. e4 Qc5 17. Qd2 Ne5 18. exf5 Bc6 19. Qe2 Bxf3 20. Bxf3 Rd2 21. Qe4 Rad8 22. fxe6 fxe6 23. Rce1 Bf6 24. Qf4 Nxf3+ 25. Qxf3 Bxc3 26. bxc3 Rf8 27. Qg4+ Kh8 28. Re2 Rxe2 29. Qxe2 e5 30. Kg2 Kg7 31. Rd1 Qc6+ 32. f3 Re8 33. Qe3 e4 34. f4 Re7 35. Rd4 b5 36. f5 Re5 37. g4 a5 38. Kg3 h6 39. Qf4 Re7 40. Rd6 Qc5 41. Qxh6+ Kf7 42. Qg6+ 1-0

[Event "Nordic-ch"]
[Site "Bergen"]
[Date "2001.08.07"]
[Round "4"]
[White "Fyllingen, Roy Harald"]
[Black "Vestly, Jan Vidar"]
[Result "1-0"]
[WhiteElo "2389"]
[BlackElo "2109"]
[PlyCount "49"]
[EventDate "2001.08.04"]
[EventType "swiss"]
[EventRounds "9"]
[EventCountry "NOR"]
[SourceTitle "CBM 083 Extra"]
[Source "ChessBase"]
[SourceDate "2001.09.11"]
[SourceVersion "1"]
[SourceVersionDate "2001.09.11"]
[SourceQuality "1"]

1. d4 Nf6 2. Nf3 c5 3. d5 e6 4. Nc3 b5 5. Bg5 Qa5 6. Bxf6 gxf6 7. e3 Bg7 8. Bxb5 f5 9. Qd3 Na6 10. 0-0 Rb8 11. dxe6 fxe6 12. Rad1 0-0 13. Bxd7 Rd8 14. Bxc8 Rxd3 15. Bxe6+ Kf8 16. Rxd3 Rxb2 17. Ne2 Rxc2 18. Nf4 Bb2 19. Rd7 Rc1 20. Rxc1 Bxc1 21. Rxh7 Bb2 22. Rxa7 Qb6 23. Ng6+ Ke8 24. Re7+ Kd8 25. Ng5 1-0

[Event "NOR-chT fin"]
[Site "Langesund"]
[Date "2001.05.27"]
[Round "5"]
[White "Fyllingen, Roy Harald"]
[Black "Djurhuus, Rune"]
[Result "0-1"]
[WhiteElo "2389"]
[BlackElo "2474"]
[PlyCount "84"]
[EventDate "2001.05.23"]
[EventType "team"]
[EventRounds "5"]
[EventCountry "NOR"]
[SourceTitle "CBM 082 Extra"]
[Source "ChessBase"]
[SourceDate "2001.07.03"]
[SourceVersion "1"]
[SourceVersionDate "2001.07.03"]
[SourceQuality "1"]

1. d4 Nf6 2. c4 g6 3. Nc3 Bg7 4. e4 d6 5. Be2 0-0 6. Nf3 e5 7. 0-0 Na6 8. Be3 Ng4 9. Bg5 f6 10. Bh4 h5 11. h3 Nh6 12. Qd2 c6 13. Rad1 Qe8 14. d5 c5 15. Nb5 Nf7 16. Ne1 Bh6 17. Qc3 f5 18. exf5 Bxf5 19. g4 hxg4 20. hxg4 Bd7 21. Ng2 Bxb5 22. cxb5 Nc7 23. b4 Nxb5 24. Qd3 Ng5 25. Bxg5 Bxg5 26. Qxb5 Qxb5 27. Bxb5 cxb4 28. Bd7 Rf3 29. Be6+ Kg7 30. Ne3 Raf8 31. Kg2 R8f4 32. Rc1 Bh4 33. Rc4 Rxf2+ 34. Rxf2 Rxf2+ 35. Kh3 Bg5 36. Ng2 a5 37. Rc7+ Kh6 38. Bg8 Bf6 39. Nh4 e4 40. Rf7 Bxh4 41. Kxh4 Rxf7 42. Bxf7 a4 0-1

[Event "NOR-chT fin"]
[Site "Langesund"]
[Date "2001.05.23"]
[Round "1"]
[White "Lie, Kjetil A"]
[Black "Fyllingen, Roy Harald"]
[Result "1-0"]
[WhiteElo "2347"]
[BlackElo "2389"]
[PlyCount "69"]
[EventDate "2001.05.23"]
[EventType "team"]
[EventRounds "5"]
[EventCountry "NOR"]
[SourceTitle "CBM 082 Extra"]
[Source "ChessBase"]
[SourceDate "2001.07.03"]
[SourceVersion "1"]
[SourceVersionDate "2001.07.03"]
[SourceQuality "1"]

1. c4 e5 2. g3 Nf6 3. Bg2 Nc6 4. Nc3 Bb4 5. Nd5 a5 6. e3 0-0 7. Ne2 Re8 8. 0-0 Ra6 9. f4 exf4 10. Nexf4 Nxd5 11. Bxd5 Ne5 12. b3 Rh6 13. d4 c6 14. Bg2 Ng6 15. e4 Nxf4 16. Bxf4 Rg6 17. Qf3 d5 18. Qd3 Bg4 19. a3 dxe4 20. Bxe4 f5 21. Bf3 Bc5 22. Rad1 Bxa3 23. d5 Bc5+ 24. Kh1 Bxf3+ 25. Rxf3 cxd5 26. Qxf5 Qe7 27. cxd5 Qe2 28. Rdf1 Rf6 29. Qd7 Qe4 30. Kg2 g5 31. Bxg5 Rxf3 32. Rxf3 Bd4 33. Qf7+ Kh8 34. d6 Rc8 35. d7 1-0